000 01115cab a2200301 4500
001 ABS49030
008 090401t1993 xxu||||| |||| 00| 0 eng d
035 _a(Sirsi) u69572
041 _aeng
100 _aParker, D.
245 _aTenants determine Sydney values
260 _c1993
350 _a0
490 _aEstates Gazette
_v(9329) 24 July 1993, 78-81(4)
520 _aThe findings of a survey of Australian valuers conducted in late 1992 suggest that tenant reliablility, rather than location, has become the dominant factor in determining the capitalisation rate for office property in Sydney. The conclusion may be extended to recession-hit markets in Great Britain and the USA.
650 _aAUSTRALIA
650 _aCAPITALISATION RATE
650 _aCENTRAL BUSINESS DISTRICT
650 _aDETERMINANTS
650 _aINVESTMENT MARKET
650 _aLEASE INCENTIVES
650 _aRENTAL VALUES
650 _aSYDNEY
690 _aPROPERTY-COMMERCIAL PROPERTY-COMMERCIAL PROPERTY FINANCE AND INVESTMENT
690 _aOVERSEAS-REST OF THE WORLD
942 _n0
948 _c04/03/1997
999 _c43702
_d43702